Japanese civilians overseas. (Record no. 90010)
[ view plain ]
| 000 -LEADER | |
|---|---|
| fixed length control field | 00724cam a22002171a 4500 |
| 001 - CONTROL NUMBER | |
| control field | sd 49000335 |
| 003 - CONTROL NUMBER IDENTIFIER | |
| control field | DLC |
| 005 - DATE AND TIME OF LATEST TRANSACTION | |
| control field | 20260227112735.0 |
| 008 - FIXED-LENGTH DATA ELEMENTS--GENERAL INFORMATION | |
| fixed length control field | 891010s1945 dcud f000 0 eng c |
| 010 ## - LIBRARY OF CONGRESS CONTROL NUMBER | |
| LC control number | sd 49000335 |
| 035 ## - SYSTEM CONTROL NUMBER | |
| System control number | (OCoLC)20461598 |
| 040 ## - CATALOGING SOURCE | |
| Original cataloging agency | U.S. Dept. of State Library |
| Transcribing agency | NPV |
| Modifying agency | DLC |
| 042 ## - AUTHENTICATION CODE | |
| Authentication code | premarc |
| 050 00 - LIBRARY OF CONGRESS CALL NUMBER | |
| Classification number | UB250 |
| Item number | .U33 no. 2691 |
| 110 1# - MAIN ENTRY--CORPORATE NAME | |
| Corporate name or jurisdiction name as entry element | United States. |
| Subordinate unit | Office of Strategic Services. |
| -- | Research and Analysis Branch. |
| 245 10 - TITLE STATEMENT | |
| Title | Japanese civilians overseas. |
| 260 ## - PUBLICATION, DISTRIBUTION, ETC. | |
| Place of publication, distribution, etc. | [Washington] : |
| Date of publication, distribution, etc. | 1945. |
| 490 1# - SERIES STATEMENT | |
| Series statement | Its R & A ; |
| Volume/sequential designation | no.2691 |
| 650 #0 - SUBJECT ADDED ENTRY--TOPICAL TERM | |
| Topical term or geographic name entry element | Japanese |
| Geographic subdivision | Foreign countries. |
| 810 1# - SERIES ADDED ENTRY--CORPORATE NAME | |
| Corporate name or jurisdiction name as entry element | United States. |
| Subordinate unit | Office of Strategic Services. |
| -- | Research and Analysis Branch. |
| Title of a work | R & A ; |
| Volume/sequential designation | no.2691. |
No items available.